000 00941cam a22002414a 4500
001 11805373
005 20180202035717.0
008 991007s1999 nyu b 101 0 eng
010 _a 99052123
020 _a0306462885
040 _aDLC
_cDLC
_dDLC
041 _aeng
042 _apcc
080 _a621.312132.0287 ken
082 0 0 _a621.312132.0287 ken
_221
100 _a5
101 _abio
245 0 0 _aBiogeochemistry of trace elements in coal and coal combustion byproducts /
_cedited by Kenneth S. Sajwan, Ashok K. Alva, and Robert F. Keefer.
504 _aIncludes bibliographical references and index.
906 _a7
_bcbc
_corignew
_d1
_eocip
_f19
_gy-gencatlg
942 _2ddc
_cBK
999 _c41579
_d41579